00764 2200277 4500001002100000005001500021035002000036007000300056008004100059020002200100082001000122084001600132100001700148245006700165250001000232260003700242300003000279700002900309700002100338700002400359700002100383504003100404650002900435990001100464990001100475INLIS00000000000324120190607023426 a0010-0419000017ta190607 g 0 ind  a978-602-61805-3-7 a741.5 a741.5 UNG f0 aUNGU, Lianza1 aFabel Pembentuk Karakter Kisah-Kisah Hewan Unik /cUngu Lianza acet.1 aSurakarta :bVisi Mandiri,c2017 a206 hlm. :bilus ;c24 cm0 apenyunting, TIN, Zulaeha0 aANGGITA, Linggar0 aELLY, Dian Mayasari0 aSULISTYO, Wibowo aBibliografi.: hlm. 205-206 4aGAMBAR. KOMIK HEWAN UNIK a6624 a a6624 b